Artificial Intelligence in Cyber Security : Impact and Implications. Security Challenges, Technical and Ethical Issues, Forensic Investigative Challenges /

Salvato in:
Dettagli Bibliografici
Altri autori: Montasari, Reza (Redattore), Jahankhani, Hamid (Redattore)
Natura: Libro
Lingua:inglese
Pubblicazione: Cham : Springer, 2021
Tags: Aggiungi Tag
Nessun Tag, puoi essere il primo ad aggiungerne!!

MARC

LEADER 00000nam a22000003a 4500
001 0098557
003 SK-STU
005 20221125120322.0
007 ta
008 221125s ----xo-----e------000-0-----d
020 |a 978-3-030-88039-2 
040 |a STU  |b slo 
041 0 |a eng 
044 |a sz 
100 1 |a Montasari, Reza  |4 edt  |r Z6 
245 1 0 |a Artificial Intelligence in Cyber Security :  |b Impact and Implications. Security Challenges, Technical and Ethical Issues, Forensic Investigative Challenges /  |c ed. Reza Montasari ; ed. Hamid Jahankhani 
260 |a Cham :  |b Springer,  |c 2021 
300 |a 306 s. 
700 1 |a Jahankhani, Hamid  |4 edt 
996 |b 284EK90336  |c E* 90336  |l EE35  |s P  |a 0  |w 0098557_0001